The Hallelujah effect (Record no. 9605)
[ view plain ]
| 000 -LEADER | |
|---|---|
| fixed length control field | 02132nam a2200337 a 4500 |
| 001 - CONTROL NUMBER | |
| control field | ebr10693705 |
| 003 - CONTROL NUMBER IDENTIFIER | |
| control field | CaPaEBR |
| 006 - FIXED-LENGTH DATA ELEMENTS--ADDITIONAL MATERIAL CHARACTERISTICS--GENERAL INFORMATION | |
| fixed length control field | m u |
| 007 - PHYSICAL DESCRIPTION FIXED FIELD--GENERAL INFORMATION | |
| fixed length control field | cr cn||||||||| |
| 008 - FIXED-LENGTH DATA ELEMENTS--GENERAL INFORMATION | |
| fixed length control field | 121024s2013 enka sb 001 0deng d |
| 010 ## - LIBRARY OF CONGRESS CONTROL NUMBER | |
| Canceled/invalid LC control number | 2012043465 |
| 020 ## - INTERNATIONAL STANDARD BOOK NUMBER | |
| Cancelled/invalid ISBN | 9781409449607 (hardcover : alk. paper) |
| Cancelled/invalid ISBN | 9781409449614 (e-book) |
| 040 ## - CATALOGING SOURCE | |
| Original cataloging agency | CaPaEBR |
| Transcribing agency | CaPaEBR |
| 035 ## - SYSTEM CONTROL NUMBER | |
| System control number | (OCoLC)842241730 |
| 050 14 - LIBRARY OF CONGRESS CALL NUMBER | |
| Classification number | ML410.C734 |
| Item number | B33 2013eb |
| 082 04 - DEWEY DECIMAL CLASSIFICATION NUMBER | |
| Classification number | 782.42164 |
| Edition number | 23 |
| 100 1# - MAIN ENTRY--PERSONAL NAME | |
| Personal name | Babich, Babette E., |
| Dates associated with a name | 1956- |
| 245 14 - TITLE STATEMENT | |
| Title | The Hallelujah effect |
| Medium | [electronic resource] : |
| Remainder of title | philosophical reflections on music, performance practice, and technology / |
| Statement of responsibility, etc | Babette Babich. |
| 260 ## - PUBLICATION, DISTRIBUTION, ETC. (IMPRINT) | |
| Place of publication, distribution, etc | Surrey, England ; |
| -- | Burlington, Vt. : |
| Name of publisher, distributor, etc | Ashgate Pub. Ltd., |
| Date of publication, distribution, etc | 2013. |
| 300 ## - PHYSICAL DESCRIPTION | |
| Extent | xv, 307 p. : |
| Other physical details | ill. |
| 490 1# - SERIES STATEMENT | |
| Series statement | Ashgate popular and folk music series |
| 504 ## - BIBLIOGRAPHY, ETC. NOTE | |
| Bibliography, etc | Includes bibliographical references and index. |
| 505 0# - FORMATTED CONTENTS NOTE | |
| Formatted contents note | The Hallelujah effect, Cohen's secret song, and the music industry -- Leonard Cohen's Hallelujah and the other Hallelujahs : from Handel's Hallelujah chorus to the Hallel Psalms -- On male desire and music : misogyny, love, and the beauty of men -- "Covering" Leonard Cohen's Hallelujah : music makes the song from John Cale to kd lang -- "You don't really care for music, do ya?" -- Performance practice and the Hallelujah effect -- Adorno's phenomenology : radio physiognomy and music -- Mousik�e techn�e : on philosophy and the poetic practice of "music" -- The spirit of music in the birth of tragedy : Nietzsche's phenomenological investigations of music and word -- Nietzsche and Beethoven: on the "becoming-human-of-dissonance". |
| 533 ## - REPRODUCTION NOTE | |
| Type of reproduction | Electronic reproduction. |
| Place of reproduction | Palo Alto, Calif. : |
| Agency responsible for reproduction | ebrary, |
| Date of reproduction | 2013. |
| Note about reproduction | Available via World Wide Web. |
| -- | Access may be limited to ebrary affiliated libraries. |
| 600 10 - SUBJECT ADDED ENTRY--PERSONAL NAME | |
| Personal name | Cohen, Leonard, |
| Dates associated with a name | 1934- |
| Title of a work | Hallelujah. |
| 655 #7 - INDEX TERM--GENRE/FORM | |
| Genre/form data or focus term | Electronic books. |
| Source of term | local |
| 710 2# - ADDED ENTRY--CORPORATE NAME | |
| Corporate name or jurisdiction name as entry element | ebrary, Inc. |
| 830 #0 - SERIES ADDED ENTRY--UNIFORM TITLE | |
| Uniform title | Ashgate popular and folk music series. |
| 856 40 - ELECTRONIC LOCATION AND ACCESS | |
| Uniform Resource Identifier | <a href="http://site.ebrary.com/lib/rucke/Doc?id=10693705">http://site.ebrary.com/lib/rucke/Doc?id=10693705</a> |
| Public note | An electronic book accessible through the World Wide Web; click to view |
No items available.
